Catálogo

MANUAL DE VETERINARIA (Registro nro. 18946)

Detalles MARC
000 -LEADER
fixed length control field 00422nam a2200169 a 4500
001 - CONTROL NUMBER
control field 18946
005 - DATE AND TIME OF LATEST TRANSACTION
control field 20180713212324.0
008 - FIXED-LENGTH DATA ELEMENTS--GENERAL INFORMATION
fixed length control field 140415s1961 000 0 spa d
041 ## - LANGUAGE CODE
Language code of text/sound track or separate title spa
082 ## - DEWEY DECIMAL CLASSIFICATION NUMBER
Classification number 636.089
Item number STA
100 1# - MAIN ENTRY--PERSONAL NAME
Personal name STAMM, G. W.
245 10 - TITLE STATEMENT
Title MANUAL DE VETERINARIA
260 ## - PUBLICATION, DISTRIBUTION, ETC.
Place of publication, distribution, etc. [s.l.] :
Name of publisher, distributor, etc. CECSA,
Date of publication, distribution, etc. 1961
300 ## - PHYSICAL DESCRIPTION
Extent 442
650 14 - SUBJECT ADDED ENTRY--TOPICAL TERM
Topical term or geographic name entry element VETERINARIA
700 1# - ADDED ENTRY--PERSONAL NAME
Personal name LOMA, JOSE LUIS DE LA
Relator term tr.
Existencias
Withdrawn status Lost status Source of classification or shelving scheme Damaged status Not for loan Collection code Home library Current library Shelving location Date acquired Source of acquisition Inventory number Total Checkouts Full call number Barcode Date last seen Date last checked out Price effective from Koha item type
    Dewey Decimal Classification     General Biblioteca Karol Wojtyla Biblioteca Karol Wojtyla Sala general 03/12/2013 Compra 151000000000000000011531 3 636.089 STA 38381 05/01/2026 17/03/2022 03/12/2013 Libro